Circuitos eléctricos : introducción al análisis y diseño

Bibliographic Details
Main Author: Dorf, Richard C.
Format: Section = Libro
Language:Undetermined
Spanish
Published: México Alfaomega 1995
Edition:2a.ed.
Subjects:
LEADER 00518nam a2200193Ia 4500
008 240829s9999 xx 000 0 und d
020 |a 970-15-0105-5 
040 |a BIBLIOTECA-RUSB/ 621.3192 D693 
041 |a spa 
082 |a 621.3192 D693 
100 1 |a Dorf, Richard C. 
245 1 0 |a Circuitos eléctricos : introducción al análisis y diseño 
250 |a 2a.ed. 
260 |a México  |b Alfaomega  |c 1995 
300 |a 1124 p. :il. 
650 7 |a CIRCUITOS ELECTRICOS 
942 |c BK  |2 ddc 
991 |a TEXTO 
999 |c 3109